书目信息 |
| 题名: |
幼狮数学大辞典
|
|
| 作者: | ;幼狮数学大辞典编辑小组 | |
| 分册: | 上卷 | |
| 出版信息: | 台北 幼狮文化事业公司 1982 |
|
| 页数: | 1册 | |
| 开本: | 26cm | |
| 丛书名: | ||
| 单 册: | ||
| 中图分类: | O1-61 | |
| 科图分类: | ||
| 主题词: | 数学 | |
| 电子资源: | ||
| ISBN: | ||
| 000 | 00621nam0 2200193 450 | |
| 001 | 0651374796 | |
| 005 | 20061121142120.43 | |
| 010 | @b精装@dCNY55.00(新台币) | |
| 100 | @a20061121d1982 km y0chiy0120 ea | |
| 101 | 0 | @achi |
| 102 | @aCN@b710000 | |
| 200 | 1 | @a幼狮数学大辞典@h上卷@Ayou shi shu xue da ci dian@f幼狮数学大辞典编辑小组@Fyou shi shu xue da ci dian bian ji xiao zu |
| 210 | @a台北@c幼狮文化事业公司@d1982 | |
| 215 | @a1册@d26cm | |
| 606 | 0 | @a数学 |
| 690 | @aO1-61@v3 | |
| 711 | 0 | @a幼狮数学大辞典编辑小组@Ayou shi shu xue da ci dian bian ji xiao zu |
| 801 | 0 | @aCN@bPFT@c20061121 |
| 905 | @a10447@dO1-61@e140:1 | |
| 幼狮数学大辞典.上卷/幼狮数学大辞典编辑小组.-台北:幼狮文化事业公司,1982 |
| 1册;26cm |
| ISBN (精装):CNY55.00(新台币) |
| ● |
| 相关链接 |
|
|
|
|
正题名:幼狮数学大辞典
索取号:O1-61/140:1
 
预约/预借
| 序号 | 登录号 | 条形码 | 馆藏地/架位号 | 状态 | 备注 |
| 1 | 0155231 | 202093992 | 第二样本阅览室/ [索取号:O1-61/140:1] | 在馆 |